Towards an Indian theology of liberation (Record no. 172408)

MARC details
000 -LEADER
fixed length control field 00776nam a2200205Ia 4500
003 - CONTROL NUMBER IDENTIFIER
control field OSt
005 - DATE AND TIME OF LATEST TRANSACTION
control field 20250811191559.0
008 - FIXED-LENGTH DATA ELEMENTS--GENERAL INFORMATION
fixed length control field 210423s1997 xx 000 0 und d
040 ## - CATALOGING SOURCE
Transcribing agency AL
041 ## - LANGUAGE CODE
Language code of text/sound track or separate title English
082 ## - DEWEY DECIMAL CLASSIFICATION NUMBER
Classification number 320.510954
Item number PUTT
100 ## - MAIN ENTRY--PERSONAL NAME
Personal name Paul Puthanangady
9 (RLIN) 108465
245 ## - TITLE STATEMENT
Title Towards an Indian theology of liberation
Remainder of title : statement papers and the proceeding of the ninth annual meeting of the indian theological ass on
260 ## - PUBLICATION, DISTRIBUTION, ETC.
Place of publication, distribution, etc. Bangalore
Name of publisher, distributor, etc. Indian Theological Asson & N B C L C
Date of publication, distribution, etc. 1997
365 ## - TRADE PRICE
Currency code INR
650 ## - SUBJECT ADDED ENTRY--TOPICAL TERM
Topical term or geographic name entry element Political Ideologies
9 (RLIN) 108466
650 ## - SUBJECT ADDED ENTRY--TOPICAL TERM
Topical term or geographic name entry element Political Science
9 (RLIN) 108467
906 ## - LOCAL DATA ELEMENT F, LDF (RLIN)
a an ; annual ; ass ; indian ; liberation: ; meeting ; ninth ; papers ; proceeding ; statement ; theological ; theology ; Towards
942 ## - ADDED ENTRY ELEMENTS (KOHA)
Source of classification or shelving scheme Dewey Decimal Classification
Koha item type Book
Holdings
Withdrawn status Lost status Damaged status Not for loan Collection code Home library Current library Date acquired Total Checkouts Full call number Barcode Date last seen Price effective from Koha item type
        MSW St Aloysius PG Library St Aloysius PG Library 12/10/2001   320.510954 PUTT PG018955 08/24/2022 04/26/2021 Book